000 00239nam a2200097Ia 4500
008 240331s9999 xx 000 0 und d
082 _a302.234
_bCIN
100 _aPuttiyaKalacharam. ed
245 0 _aCinema :
_bthirai villagum pothu
942 _cL
999 _c1279
_d1279